| 000 | 00698nam a22002057a 4500 | ||
|---|---|---|---|
| 005 | 20251108175100.0 | ||
| 008 | 250721s2007 xx 000 0 ara d | ||
| 082 | 1 | 4 | _a791.44/اتح |
| 100 | 1 | _aزعموم، خالد | |
| 245 | 1 | 0 | _aالتفاعلية في الإذاعة :أشكالها ووسائلها / |
| 264 | 1 |
_a[د.م] : _bاتحاد إذاعات الدول العربية، _c2007. |
|
| 300 | _a87 ص. | ||
| 490 | 0 |
_aبحوث و دراسات إذاعية _v61 |
|
| 650 | 1 | 7 | _aالإذاعة |
| 650 | 1 | 7 | _aالإتصالات اللاسلكية |
| 650 | 1 | 7 | _aالبث الإذاعي |
| 650 | 1 | 7 | _aوسائل الإتصال الجماهيري |
| 942 |
_2ddc _cBK |
||
| 999 |
_c125746 _d125746 |
||